Dopad pandémii na stav verejných financií vo vybraných krajinách diplomová práca

Saved in:
Bibliographic Details
Main Author: Jurčová, Ester
Corporate Author: Národohospodárska fakulta EU. Katedra financií
Other Authors: Boór, Matej, 1988-
Format: Book
Language:Slovak
Published: Bratislava 2023
Tags: Add Tag
No Tags, Be the first to tag this record!

MARC

LEADER 00000nbm a2200000 4500
001 0292969
005 20231124100717.0
041 0 |a slo 
044 |a SK 
245 1 0 |a Dopad pandémii na stav verejných financií vo vybraných krajinách  |b diplomová práca  |c Ester Jurčová ; školiteľ: Matej Boór 
264 1 |a Bratislava  |c 2023 
300 |a 69 s. 
100 1 |a Jurčová, Ester 
700 1 |a Boór, Matej, 1988- 
710 2 |a Národohospodárska fakulta EU. Katedra financií